[Event "Championnat fermé de l'Outaouais (Réserve)"]
[Site "Gatineau"]
[Date "2016.04.26"]
[Round "3"]
[White "Danilov, Alex"]
[Black "Thibault, Mario"]
[Result "0-1"]
[BlackElo "1767"]
[EventDate "2016.04.26"]
[WhiteElo "1763"]

1.d4 Nf6 2.Bf4 g6 3.Nf3 Bg7 4.Nc3 d6 5.h3 O-O 6.e4 c6 7.Be2 Qa5 8.O-O Nbd7
9.Qd2 e5 10.Bh6 Re8 11.Bxg7 Kxg7 12.Rfd1 Nf8 13.d5 c5 14.Nb5 Qd8 15.Nc3 a6
16.a4 Bd7 17.a5 b5 18.axb6 Qxb6 19.g4 h6 20.Nh2 Qb4 21.f3 c4 22.b3 Qb6+
23.Kg2 cxb3 24.cxb3 Rec8 25.Rdb1 Qb4 26.Bc4 a5 27.Nf1 Qb7 28.Qd3 Ne8 29.Nb5
Rc5 30.Nc3 Rcc8 31.Rb2 a4 32.Rba2 axb3 33.Rxa8 Rxa8 34.Rxa8 Qxa8 35.Bxb3 Qa1
36.Nd2 Nc7 37.Nc4 Nb5 38.Ne2 Nh7 39.Nb6 Be8 40.Bc4 Na3 41.Qc3 Qb1 42.Qb3 Nf6
43.Qxb1 Nxb1 44.Nc8 $14 ( 44.Ba6
{ et sans doute que les Noirs perdront sans compensation le pion d6. } )
44...Na3 45.Nxd6 $2 Nxc4 46.Nxc4 Bb5 47.Nxe5 Bxe2 48.Kf2 Bb5 49.Ke3 Nd7
50.Nc6 f6 51.Kd4 g5 52.Nd8 Bf1 53.Ne6+ Kf7 54.Nd8+ Kg6 55.Nc6 Bxh3 56.Ne7+
Kf7 57.Nf5 Kg6 ( 57...Ne5 $1 ) 58.Ne3 Ne5 59.d6 Nxf3+ 60.Kd5 Ne5 61.Ke6 h5 ( 
61...Nxg4 { est plus expéditif (M. Laurin) } ) 62.d7 Nxd7 63.Kxd7 Bxg4+
64.Kd6 Bf3 65.Kd5 h4 66.Kd4 h3 67.Nf1 g4 68.Ke3 Kg5 69.Kf2 Kf4 70.Ng3 Bxe4
71.Ne2+ Kg5 72.Kg3 f5 73.Nf4 Bc2 74.Ne2 Bd1 75.Nf4 h2 0-1

[Event "Championnat fermé de l'Outaouais (Réserve)"]
[Site "Gatineau"]
[Date "2016.04.26"]
[Round "3"]
[White "Bourbonnais, Luc"]
[Black "Légaré, Gilles"]
[Result "1-0"]
[BlackElo "1016"]
[EventDate "2016.04.26"]
[WhiteElo "1278"]

1.e4 c5 2.Nf3 Nc6 3.d4 e6 4.Nc3 cxd4 5.Nxd4 Nxd4 6.Qxd4 b6 7.Bc4 Bc5 $2 8.Qd3
( 8.Qxg7 Qf6 9.Qg3 ) 8...e5 $2 { Perd une pièce. } 9.Qd5 Qf6 10.Qxa8 Qxf2+
11.Kd1 Ne7 12.Nd5 O-O 13.Nxe7+ Bxe7 14.Qd5 Qxg2 15.Rf1 Bf6 16.Bh6 Qg6 17.Be3
d6 18.Kd2 Be6 19.Qd3 Bxc4 20.Qxc4 b5 21.Qd5 a5 22.Kc3 Rc8+ 23.Kb3 h6 24.c3
Kh7 25.Rac1 Rc4 26.Rf5 a4+ 27.Ka3 b4+ 28.cxb4 Rxc1 29.Bxc1 Qg2 30.Qd2 Qxh2
31.Qxh2 1-0

[Event "Championnat fermé de l'Outaouais (Réserve)"]
[Site "Gatineau"]
[Date "2016.04.26"]
[Round "3"]
[White "Jobin, Gilles G."]
[Black "Clermont, Yves"]
[Result "1-0"]
[BlackElo "1179"]
[EventDate "2016.04.26"]
[WhiteElo "1773"]

1.e4 e5 2.Nf3 Nc6 3.d4 d6 4.d5 ( 4.Bb5 Bd7 5.Nc3 exd4 6.Nxd4 ) 4...Nce7 5.c4
Bg4 6.Be2 Nf6 7.Nc3 h5 8.h3 Bxf3 9.Bxf3 g6 10.Bg5 Nh7 11.Be3 Nf6 12.Qb3 Bh6
13.Bxh6 Rxh6 14.O-O-O $2 ( { Je ne sais pas pourquoi je craignais } 14.Qxb7
{ alors qu'après } 14...Rb8 15.Qxa7 Rxb2 16.Nb5
{ les Blancs sont de loin supérieurs. } 16...c6 17.dxc6 Nxc6 18.Qb7 ) 14...g5
15.g3 $2 ( 15.Qxb7 $1 Rb8 16.Qxa7 ) 15...Nd7 16.Ne2 $2 ( 16.Qxb7 $1 Nb6 17.c5
dxc5 18.Nb5 ) 16...Nc5 17.Qe3 f6 $2 ( 17...Ng8 $5 18.h4 g4 ) 18.h4 Ng8
19.hxg5 fxg5 20.Rxh5 ( 20.Bxh5+ $3 Kf8 21.f4 $1 ) 20...Qf6 21.Rxg5 O-O-O
22.Rf5 Qg7 23.b4 Nd7 24.Rg5 Rg6 25.Rxg6 Qxg6 26.Rh1 ( 26.Qxa7 ) 26...Nb6
27.Qd3 Nf6 28.a4
{ J'étais convaincu d'avoir fait une bourde ici. En effet, je croyais que
mon pion était protégé. Mais Stockfish m'indique que c'est pas si pire ...
} 28...Nxa4 29.Kc2 ( 29.Qc2 $1 Nb6 30.c5 dxc5 31.bxc5 Nbd7 32.c6 ) 29...Nb6
30.Kb3 $2 { Je joue sur le mauvais goût suite à mon 28e coup. } ( 30.Rh4 )
30...a6 31.Qe3 Ng4 32.Bxg4+ Qxg4 33.Rh4 Qg7 ( 33...Qd7 34.Nc3 ) 34.f4 Rf8 ( 
{ Au post mortem, j'ai suggéré que } 34...exf4 35.gxf4 Qa1
{ était plus fort pour les Noirs. } ) 35.f5 Nd7 36.Qh6 Qf6 37.Qxf6 Nxf6
38.Kc3 Kd7 39.Kd3 b5 $2
{ Je pense que les Noirs auraient dû simplement patienter. Il n'est pas
facile pour les Blancs de progresser. } 40.cxb5 axb5 41.Nc3 ( 41.Rh6
{ est meilleur. } 41...Ng4 42.Rg6 ) 41...Rg8 42.Nxb5 $2
{ En effet, Stockfish donne maintenant la position comme complètement
égale. } 42...Rxg3+ 43.Kc4 Re3 44.Nc3 c6 $4 { Le coup perdant. } 45.dxc6+
Kxc6 46.b5+ Kb6 47.Nd5+ Nxd5 48.Kxd5 Rd3+ 49.Ke6 Kxb5 50.f6 Rc3 51.f7 Rc8
52.Rg4 1-0

[Event "Championnat fermé de l'Outaouais (Réserve)"]
[Site "Gatineau"]
[Date "2016.04.26"]
[Round "3"]
[White "Laurin, Marcel"]
[Black "Éthier, Valori"]
[Result "1/2-1/2"]
[BlackElo "1363"]
[EventDate "2016.04.26"]
[WhiteElo "1630"]

1.b4 d5 2.Bb2 Nf6 3.Nf3 Bf5 4.e3 c6 5.d4 Nbd7 6.Nbd2 e6 7.c3 Bd6 8.Nb3 Qc7
9.Rc1 O-O 10.a3 b5 11.Bd3 Bg4 12.h3 Bh5 13.g4 Bg6 14.Bxg6 fxg6 15.O-O Ne4
16.Nbd2 Nxd2 17.Nxd2 Rf7 18.f4 Raf8 19.Nf3 h6 20.g5 h5 21.Qd3 Nb6 22.Qxg6 Nc4
23.Qxh5 g6 24.Qxg6+ Kh8 25.Qxe6 Nxb2 26.Nh4 Rg7 27.Ng6+ Rxg6 28.Qxg6 Nc4
29.Rce1 Nd2 30.Rf2 Ne4 31.Rg2 Rg8 32.Qh6+ Qh7 33.Qxh7+ Kxh7 34.Rg4 Kg6 35.Kg2
Rh8 36.h4 Kf5 37.Kf3 Nd2+ 38.Kg3 $11 1/2-1/2

[Event "Championnat fermé de l'Outaouais (Réserve)"]
[Site "Gatineau"]
[Date "2016.04.26"]
[Round "3"]
[White "Arcand, Pierre"]
[Black "Simard, Paul"]
[Result "1-0"]
[BlackElo "1175"]
[EventDate "2016.04.26"]
[WhiteElo "1114"]

1.e4 e5 2.Nf3 d6 3.Nc3 Nd7 { dernier coup de la bibliothèque } 4.Bb5 Be7
5.O-O Nf6 6.d4 { Les Blancs menacent un gain matériel: d4xe5 } 6...O-O 7.dxe5
dxe5 8.Bg5 ( 8.Bc4 c6 $11 ) 8...c6 $15 { Contrôle d5 } 9.Bc4
{ Les Blancs ont une position très active } 9...b5
{ Les Noirs menacent un gain matériel: b5xc4 } 10.Bxf6 bxc4 ( 10...Bxf6 $5
{ doit être considéré. } 11.Be2 Qe7 $15 ) 11.Bxe7
{ Les Blancs font une fourchette: f8+d8 } ( 11.Bxe5 $5 Nxe5 12.Nxe5 $14 )
11...Qxe7 $11 12.b3 Ba6 13.Re1 Rfd8 14.bxc4 ( 14.Qe2 Nc5 15.bxc4 Ne6 $11 )
14...Bxc4 15.Re3 Nc5 16.Qe1 Rab8 17.Rb1 Qd6 18.Rd1 Qe7 19.Rxd8+ ( 19.Rb1
$5 $11 { doit définitivement être considéré. } ) 19...Rxd8 $15 20.Nd2 Ba6
21.h3 Ne6 22.Nf3 Nf4 23.Kh2 Rd6 ( 23...f6 24.Na4 $15 ) 24.g3 $15
{ Les Blancs menacent un gain matériel: g3xf4 } 24...Nh5 ( 24...Rh6 25.h4 g5
26.Nd1 $11 ) 25.Nh4 ( 25.Na4 $5 $14 { semble être une alternative viable. } )
25...g6 $11 { Couvre f5 } 26.Rf3 ( 26.Nf3 Bc8 $11 ) 26...Bc8 27.Rd3 Rf6 ( 
27...Rxd3 $142 $5 28.cxd3 Nf4 $15 ) 28.Qd2 $14 Qe6 $2 ( 28...Kg7 $142
{ et les Noirs peuvent espérer survivre. } 29.Nd1 h6 $11 ) 29.Rd8+ $18 Kg7
30.Nf5+ ( 30.g4 $142 Rf4 31.f3 $16 ) 30...Rxf5 $4 ( 30...gxf5 $142
{ sauve la partie. } 31.Qg5+ Rg6 32.Qxh5 fxe4 33.Nxe4 Rh6 34.Qg5+ Rg6 $11 )
31.exf5 $18 Qxf5 32.g4 Qe6 ( 32...Qf3 { donne encore une petite chance. }
33.Qe3 Bxg4 34.hxg4 Qf6 $18 ) 33.Rd6 Qe7 ( 33...Qc4
{ ne change vraiment rien. } 34.gxh5 Be6 35.Qe3 Qf4+ 36.Qxf4 exf4 37.hxg6
hxg6 38.Rxc6 $18 ) 34.gxh5 Qh4 35.Qe3 ( 35.h6+ $142 $5 { semble mieux. }
35...Qxh6 36.Qxh6+ Kxh6 37.Rxc6 Bf5 $18 ) 35...Qxh5 36.Rxc6 Qf5 ( 36...Be6
{ ne peut pas changer le destin. } 37.Rc5 Qh4 38.Qg3 $18 ) 37.Rc5 Kf6 ( 
37...a6 $18 { en priant la sainte madone. } ) 38.Ne4+ Kg7 39.Nd6 Qxh3+
40.Qxh3 Bxh3 41.Kxh3 Kf6 42.Ne8+ Ke6 43.a4 e4 44.a5 f5 ( 44...e3 45.fxe3 Ke7
46.Rc7+ Kxe8 47.Rxa7 Kd8 48.a6 Kc8 49.Rb7 f5 50.c4 f4 51.exf4 h6 52.c5 g5
53.c6 g4+ 54.Kh4 Kd8 55.a7 g3 56.a8=Q# ) 45.Rc7 f4 46.Rxh7 Kf5 47.Rxa7 e3
48.Nd6+ Ke5 49.fxe3 fxe3 50.Re7+ Kf4 ( 50...Kd5
{ ne fait pas descendre le chat de l'arbre. } 51.a6 Kxd6 52.Re8 Kd7 53.Rxe3
Kc6 54.Rb3 g5 55.a7 Kd5 56.a8=Q+ Kc5 57.Kg4 Kd6 58.Qd8+ Kc5 59.Qd7 Kc4 60.Rb5
Kc3 61.Qd3# ) 51.Rxe3 ( 51.Kg2 Kg5 52.a6 e2 53.Rxe2 Kh4 54.a7 Kg5 55.a8=Q Kh5
56.Nf7 g5 57.Qg8 g4 58.Qg5# ) 51...Kxe3 52.Nf7 Kd4 53.a6 Kc5 54.a7 g5 ( 
54...Kd5 { ne peut effacer ce qui a déjà été fait. } 55.a8=Q+ Kc5 56.Qd8 Kc6
57.Qd6+ Kb5 58.Ne5 g5 59.Kg4 Ka5 60.Nd7 Kb5 61.Qc5+ Ka4 62.Nb6# ) 55.Nxg5 ( 
55.a8=Q Kd4 56.Qa5 Ke4 57.Qe5+ Kf3 58.Nxg5+ Kf2 59.Qe4 Kf1 60.Kg3 Kg1 61.Qe1#
) 55...Kb6 ( 55...Kb4 { n'améliore vraiment rien. } 56.a8=Q Kc3 57.Ne4+ Kd4
58.Kg4 Ke5 59.Qb7 Kd4 60.Kf4 Kc4 61.Qb3+ Kd4 62.Qd3# ) 56.a8=Q ( 56.a8=Q Kc5
57.Ne4+ Kb6 58.Qc8 Kb5 59.Nd6+ Ka5 60.Qb8 Ka4 61.Qb5+ Ka3 62.Qb3# ) 1-0

[Event "Championnat fermé de l'Outaouais (Réserve)"]
[Site "Gatineau"]
[Date "2016.04.26"]
[Round "3"]
[White "Séguin, Hubert"]
[Black "Lecorre, Joël"]
[Result "1/2-1/2"]
[BlackElo "1584"]
[EventDate "2016.04.26"]
[WhiteElo "1555"]

1.e4 e5 2.Nf3 Nc6 3.Bb5 a6 4.Ba4 Nf6 5.d4 Nxe4 6.dxe5 Nc5 7.Bxc6 bxc6 8.O-O
Be7 9.Nc3 O-O 10.Re1 d6 11.Bf4 Bg4 12.h3 Bxf3 13.Qxf3 d5 14.Rad1 Rb8 15.b3
Qd7 16.Qg3 Qf5 17.Rd2 Rb4 18.Be3 Ne6 19.Rxd5 $2 cxd5 ( 19...Bh4 20.Qf3 Qxf3
21.gxf3 cxd5 $19 ) 20.Nxd5 Bh4 $2 ( 20...Re8 $1 $19 21.Nxb4 Bxb4 ) 21.Qxh4
Rxh4 22.Ne7+ Kh8 23.Nxf5 Re4 24.Bd2 Rxe1+ 25.Bxe1 Rd8 26.Ne3 Kg8 27.g3 g5
28.Kf1 Kf8 29.c4 Ke8 30.Nd5 Kf8 31.Ba5 Rc8 32.Ke2 c6 33.Nf6 Kg7 34.Ne4 h5
35.Nd6 Rg8 36.Ke3 Kg6 37.Ke4 Nc5+ 38.Kd4 Ne6+ 39.Ke4 1/2-1/2

[Event "Championnat fermé de l'Outaouais (Réserve)"]
[Site "Gatineau"]
[Date "2016.05.03"]
[Round "4"]
[White "Thibault, Mario"]
[Black "Jobin, Gilles G."]
[Result "1/2-1/2"]
[BlackElo "1773"]
[WhiteElo "1767"]

1.e4 d6 2.d4 Nf6 3.Nc3 Nbd7 4.Nf3 e5 5.Bc4 Be7 6.h3 O-O 7.O-O c6 8.a4 Qc7
9.Qe2 h6 10.a5 Re8 11.Ba2 Nf8 12.Qc4 Ne6 13.b4 Nxe4 14.Nxe4 d5 15.Qc3 exd4
16.Nxd4 dxe4 17.Be3 Bf6 18.Rad1 Nxd4 19.Bxd4 Bxd4 20.Rxd4 Bf5 21.Rfd1 Qe7
22.Qe3 Rad8 23.Qf4 Rxd4 24.Rxd4 Qg5 25.Qxg5 hxg5 26.g4 e3 27.fxe3 Bxc2 28.Kf2
Re7 29.Rd2 Be4 30.Rd8+ Kh7 31.Bc4 a6 32.Bd3 Bxd3 33.Rxd3 Re4 34.Rd7 Rxb4
35.Rxf7 Kg6 36.Rf5 Rb5 37.e4 Rxf5+ 38.gxf5+ Kf6 39.Ke3 Ke5 ( 39...g6 $1
{ J'avais vu ce coup dans mon évaluation après l'échange des Tours, mais
une fois la position arrivée sur l'échiquier, je ne voyais plus sa force
gagnante. Pourtant, grosso modo, j'avais envisagé la variante qui suit... Ah ! Pas facile de calculer les finales avec quelques minutes pour jouer.
} 40.fxg6 Kxg6 41.Kd4 Kf6 42.Kc5 Ke5 43.Kb6 Kd6 44.Kxb7 c5 45.e5+ ( 45.Kxa6
Kc6 46.Ka7 ( 46.e5 c4 47.e6 c3 ) 46...Kc7 47.Ka6 c4 ) ) 40.Kd3 c5 41.Kc4 Kxe4
42.Kxc5 Kxf5 ( 
{ Au post mortem, Gilles Groleau a suggéré qu'il fallait aller
immédiatement pour le pion h3. Mais les Blancs ont quand même une ressource
qui leur permet d'annuler. } 42...Kf3 43.Kb6 Kg3 44.Kxb7 Kxh3 45.Kxa6 g4
46.Kb5 $1 ( 46.Kb7 $4
{ perdrait la partie car les Noirs pourront réussir à échanger les Dames. } )
46...g3 47.a6 g2 48.a7 g1=Q 49.a8=Q ) 43.Kb6 g4 44.hxg4+ Kxg4 45.Kxb7 Kh3
46.Kxa6 g5 47.Kb7 g4 48.a6 g3 49.a7 g2 50.a8=Q 1/2-1/2

[Event "Championnat fermé de l'Outaouais (Réserve)"]
[Site "Gatineau"]
[Date "2016.05.03"]
[Round "4"]
[White "Lecorre, Joël"]
[Black "Clermont, Yves"]
[Result "1-0"]
[BlackElo "1179"]
[WhiteElo "1584"]

1.e4 e5 2.Bc4 Nf6 3.d4 exd4 4.Nf3 Bc5 5.O-O O-O 6.e5 Ng4 $2 7.h3 Nh6 8.Bxh6
gxh6 9.Nxd4 $6 ( 9.Qd2 $1 ) 9...Nc6 ( 9...Qh4 $5 10.c3 Nc6 ) 10.Nf3 Re8 $4
11.Re1 ( 11.Bxf7+ $1 Kxf7 12.Qd5+ $18 ) 11...b6 12.Nc3
{ Les Noirs sont en fâcheuse position. } 12...d6 13.exd6 Rxe1+ 14.Qxe1 Bb7
15.dxc7 Qxc7 16.Nd5 Qg3 17.Nf6+ Kg7 18.Nh5+ 1-0

[Event "Championnat fermé de l'Outaouais (Réserve)"]
[Site "Gatineau"]
[Date "2016.05.03"]
[Round "4"]
[White "Berthiaume, Serge"]
[Black "Arcand, Pierre"]
[Result "0-1"]
[BlackElo "1114"]
[WhiteElo "1462"]

1.d4 e6 2.Nf3 Nf6 3.Bf4 Nc6 4.e3 Be7 5.Nbd2 O-O 6.e4 d6 7.Bd3 Nh5 8.Be3 g6
9.c3 Ng7 10.h4 h5 11.Qe2 Bf6 12.O-O-O e5 13.d5 Ne7 14.Ng5 Bg4 15.f3 Bd7
16.Rdg1 c6 17.Bc4 Qa5 18.Nb3 Qc7 19.dxc6 Bxc6 20.g4 d5 21.Nh7 Kxh7 22.g5 Bxg5
23.Bxg5 dxc4 24.Bxe7 Qxe7 25.Qxc4 Rad8 26.Qe2 f5 27.Na5 fxe4 28.Nxc6 bxc6
29.Qxe4 Qf6 30.Qc2 Qf4+ 31.Kb1 Qf5 32.Rh3 Qxc2+ 33.Kxc2 Ne6 34.Re1 Nf4 35.Rg3
Rfe8 36.Re3 Rd5 37.Re4 Red8 38.b4 a6 39.Rg5 Re8 40.c4 Rd4 41.Rxd4 exd4 42.Rc5
d3+ 43.Kd1 Rc8 44.b5 axb5 45.cxb5 Ne6 46.Rxc6 Rxc6 47.bxc6 g5 48.hxg5 h4
49.f4 h3 50.f5 h2 51.fxe6 h1=Q+ 0-1

[Event "Championnat fermé de l'Outaouais (Réserve)"]
[Site "Gatineau"]
[Date "2016.05.03"]
[Round "4"]
[White "Éthier, Valori"]
[Black "Séguin, Hubert"]
[Result "0-1"]
[BlackElo "1555"]
[WhiteElo "1363"]

1.e4 c5 2.Nf3 d6 3.d4 cxd4 4.Nxd4 Nc6 5.Nb3 Nf6 6.Nc3 g6 7.Be2 Bg7 8.f3 O-O
9.Be3 Be6 10.Qd2 Ne5 11.Nd4 Bc4 12.Bh6 Qb6 13.Rb1 Bxh6 14.Qxh6 Qxd4 15.Rd1
Qb6 16.Qc1 Bxe2 17.Nxe2 Rfc8 18.Nc3 Rc4 19.Nd5 Nxd5 20.Rxd5 Rac8 21.c3 e6
22.Rd2 Qe3+ 23.Kd1 Nd3 24.Qc2 Rd4 25.h4 Nf2+ 0-1

[Event "Championnat fermé de l'Outaouais (Réserve)"]
[Site "Gatineau"]
[Date "2016.05.03"]
[Round "4"]
[White "Légaré, Gilles"]
[Black "Simard, Paul"]
[Result "0-1"]
[BlackElo "1175"]
[WhiteElo "1016"]

{ C41: Défense Philidor } 1.e4 e5 2.Nf3 d6 3.Nc3 c6 4.d4 Nd7
{ dernier coup de la bibliothèque } 5.d5 { Les Blancs gagnent de l'espace. }
( 5.Be2 Ngf6 $14 ) 5...Ngf6 6.Bg5 Be7 7.Be2 O-O
{ Les Noirs ont une position difficile. La pièce noire ne peut se déplacer:
c8 } 8.O-O Nc5 ( 8...cxd5 9.exd5 h6 10.Be3 $11 ) 9.Bxf6 $14 Bxf6 10.b4 Nd7 ( 
10...Na6 $142 11.Bxa6 bxa6 12.dxc6 Qc7 $14 ) 11.b5
{ Les Blancs menacent un gain matériel: b5xc6 } ( 11.dxc6 $142 $5 Nb6 12.a4
$16 ) 11...Qa5 { Les Noirs menacent un gain matériel: Da5xc3 } ( 11...cxb5
12.Nxb5 Nc5 13.Nc3 $15 ) 12.Qd2
{ Les Noirs ont une position difficile. La pièce noire ne peut se déplacer:
c8 } 12...Nc5 13.dxc6 Be6 ( 13...bxc6 14.bxc6 Be6 15.Nd5 $11 ) 14.a4 ( 
14.cxb7 $5 Nxb7 15.Nd5 $14 ) 14...bxc6 $11 15.bxc6
{ Les Blancs ont un nouveau pion passé: c6. Les Blancs ont une position
très active. } 15...a6 { Perd du matériel } 16.Bd3
{ Les Blancs ont une position active } ( 16.Nd5 $5
{ semble être une alternative viable. } 16...Qxd2 17.Nxd2 $11 ) 16...Qc7 $15
17.Nd5 ( 17.Ng5 $142 $15 ) 17...Qxc6 $4 { les Noirs manquent le coche. } ( 
17...Bxd5 $142 18.exd5 e4 $17 ) 18.Nxf6+ $14 gxf6 19.a5 ( 19.Qh6 Nd7 $14 )
19...d5 $11 { Les Noirs menacent un gain matériel: d5xe4 } 20.Qc3 ( 20.Nxe5
$5 fxe5 21.Qg5+ Kh8 22.Qf6+ Kg8 23.Qg5+ Kh8 24.Qf6+ Kg8 25.Qg5+ $11 )
20...Rfc8 21.Nxe5 $2 ( 21.exd5 $142 $5
{ et les Blancs peuvent espérer vivre. } 21...Qxd5 22.Rfd1 Nxd3 23.Qxd3 Qxd3
24.cxd3 $15 ) 21...fxe5 $19 22.Qxe5 dxe4 23.Be2 Qd5 24.Qg3+ Kf8 25.Bg4 ( 
25.Rfd1 Qf5 $19 ) 25...Bxg4 26.Qxg4 Qd2 ( 26...Qe5 27.Rad1 $19 ) 27.Qg3 ( 
27.Rad1 $142 Qxc2 28.Qf5 $19 ) 27...Qxc2 $4 { perd l'avantage.. } ( 27...Ne6
28.Qh4 Qf4 29.Qxh7 $19 ) 28.Rab1 $4 { les Blancs ruinent leur position. } ( 
28.Rac1 $142 { donne un sursis. } 28...Qd2 29.Qe5 Qxa5 30.Qh8+ Ke7 31.Qe5+
Kf8 32.Qh8+ Ke7 33.Qe5+ Kf8 $11 ) 28...Ne6 $19 29.h4 ( 29.Qd6+ Kg8 $19 )
29...Qc5 30.Qg4 e3 ( 30...Qe5 $142 $5
{ est encore plus facile pour les Noirs. } 31.Rb4 Nc5 32.Rc1 $19 ) 31.fxe3
Qxe3+ 32.Kh1 Rc2 $4 { autorise l'adversaire à revenir dans la partie. } ( 
32...Qh6 $142 $19 { et les Noirs sont sur le chemin du succès. } ) 33.Qxe6 $4
{ un coup malheureux qui prive de la victoire. } ( 33.Rbe1 $142
{ est nécessaire. } 33...Qd4 34.Qxe6 Qxh4+ 35.Kg1 Qd4+ 36.Re3 $14 ) 33...Qxe6
( 33...Qxe6 34.Rb4 Rc4 35.Rxc4 Qxc4 36.Kg1 Qxh4 37.g3 Qxg3+ 38.Kh1 Qh4+
39.Kg2 Rd8 40.Re1 Rd2+ 41.Kf3 Qxe1 42.Kf4 Rf2+ 43.Kg4 Qg1+ 44.Kh5 Rh2# )
0-1

[Event "Championnat fermé de l'Outaouais"]
[Site "Gatineau"]
[Date "2016.05.03"]
[Round "4"]
[White "Akrib, Fouad"]
[Black "Arsenault, Michel"]
[Result "1-0"]
[BlackElo "1851"]
[WhiteElo "1967"]

1.d4 f5 2.Bg5 h6 3.Bh4 g5 4.Bg3 Nf6 5.e3 d6 6.Be2 g4 7.Nc3 Nc6 8.f3 Bg7 9.h3
e5 10.dxe5 Nh5 11.Bh2 g3 12.f4 Nxf4 13.exf4 Qh4 14.Nf3 Qxf4 15.Nd5 Qe4
16.Bxg3 dxe5 17.Nxc7+ Kf7 18.O-O Rd8 19.Bd3 Qe3+ 20.Bf2 Qf4 21.Nxa8 Bf6
22.Qe2 e4 23.Bc4+ Kg7 24.Be3 exf3 25.Rxf3 Qd6 26.Bf4 Qc5+ 27.Kh1 b5 28.Rg3+
Kh7 29.Qh5 Qf8 30.Qg6+ Kh8 31.Bxh6 Qe7 32.Bf7 1-0

[Event "Championnat fermé de l'Outaouais"]
[Site "Gatineau"]
[Date "2016.05.03"]
[Round "4"]
[White "Raymond, Daniel"]
[Black "Rose, Richard M."]
[Result "0-1"]
[BlackElo "1931"]
[WhiteElo "1757"]

1.e4 c5 2.Nf3 e6 3.d4 cxd4 4.Nxd4 Nc6 5.Nc3 Nf6 6.a3 Be7 7.Be2 O-O 8.Be3 d5
9.exd5 exd5 10.O-O Re8 11.Bb5 Bd7 12.Re1 a6 13.Ba4 b5 14.Bb3 Nxd4 15.Qxd4 Bc6
16.Rad1 Qc7 17.Bf4 Bd6 18.Rxe8+ Rxe8 19.Bxd6 Qxd6 20.h3 Rd8 21.Qb6 Ba8
22.Qxd6 Rxd6 23.Rd4 Bc6 24.a4 Rd7 25.f3 Kf8 26.Kf2 Ke7 27.axb5 axb5 28.Ne2
Kd6 29.c3 Kc5 30.Nf4 Kd6 31.g4 g5 32.Ne2 Ne8 33.Ng3 Ke5 34.Rd1 Nd6 35.Nh5 Nc4
36.Re1+ Kd6 37.Bxc4 bxc4 38.Nf6 Rb7 39.Re2 d4 40.cxd4 Rb3 41.d5 Bxd5 42.Nxd5
Kxd5 43.Rd2+ Ke5 44.Kg3 h6 45.Rc2 Kd4 46.Rf2 Re3 47.Rd2+ Rd3 48.Re2 Rb3
49.Rf2 Ke3 50.Rc2 Kd3 51.Rf2 Rb6 52.Kg2 Rf6 53.Kg3 Re6 54.f4 Re3+ 55.Kg2 Re2
56.fxg5 Rxf2+ 57.Kxf2 hxg5 58.Ke1 Kc2 59.b4 cxb3 60.h4 gxh4 0-1

[Event "Championnat fermé de l'Outaouais"]
[Site "Gatineau"]
[Date "2016.05.03"]
[Round "4"]
[White "Libersan, Mattieu"]
[Black "Desjardins, Michel"]
[Result "1/2-1/2"]
[BlackElo "1909"]
[WhiteElo "2006"]

1.e4 d5 2.exd5 Qxd5 3.Nc3 Qd6 4.d4 Nf6 5.Nf3 c6 6.g3 Bg4 7.Bg2 e6 8.O-O Be7
9.Bf4 Qd8 10.h3 Bh5 11.Re1 O-O 12.Qd2 Nbd7 13.Rad1 Re8 14.g4 Bg6 15.Ne5 Nxe5
16.Bxe5 Nd7 17.Ne4 Nxe5 18.dxe5 Qxd2 19.Rxd2 Bxe4 20.Bxe4 Rad8 21.Red1 Rxd2
22.Rxd2 Rd8 1/2-1/2

[Event "Championnat fermé de l'Outaouais"]
[Site "Gatineau"]
[Date "2016.05.03"]
[Round "4"]
[White "Gagnon, Fabien"]
[Black "Scantland, Patrick"]
[Result "1-0"]
[BlackElo "1788"]
[WhiteElo "2000"]

{ Commentares de F. Gagnon } 1.e4 c5 2.Nf3 d6 3.d4 cxd4 4.Nxd4 Nf6 5.Nc3 a6
6.Bg5 e6 7.f4 Be7 8.Qf3 Qc7 9.O-O-O Nbd7 10.Bd3 b5 11.Rhe1 Bb7 12.Qg3 b4
13.Na4 h6 14.Qh3 Nc5
{ il y a beaucoup de tensions et il est difficile de bien mesurer les
conséquences futures de chaques coups } ( 
{ la suite que l'on recherchait lors de l'analyse est } 14...O-O-O 15.Bxf6
Bxf6 16.Bf1 Nc5 17.Nxc5 dxc5 18.e5 Be7 ) 15.Nxc5 dxc5 16.Nxe6 $1
{ un bon coup intuitif } ( 16.Nf3 $2 c4 17.Bf1 b3 18.axb3 cxb3 19.c3 O-O
20.Bxf6 Qxf4+ { gros av. noirs } 21.Rd2 Bxf6 ) ( 16.e5 $5
{ l'autre option viable mais peu active } 16...cxd4 17.exf6 gxf6 18.Bh4 ( 
18.Bxh6 $2 Bd5 $1 ( 18...Bf8 19.Rxe6+ fxe6 20.Qxe6+ Qe7 21.Bg6+ Kd8 22.Qc4
{ = } ) 19.Qh5 Qc6 { avantage noirs gagnant } ) 18...Qxf4+ 19.Kb1 { = } )
16...fxe6 17.e5 Bd5 { rate la derniere chance de mettre le roi en securite }
( 17...O-O-O 18.exf6 gxf6 19.Qxe6+ Kb8 20.Bh4 Qxf4+ 21.Kb1 Qxh4 22.Qxe7
{ pas clair } ) ( 17...Nd5 18.Qxe6 { game over 1-0 } ) ( 17...O-O 18.Qxe6+
Kh8 19.exf6 ( 19.Bxf6 { la suite de l'ordi } 19...Bxf6 20.Qf5 g6 21.Qxg6 Qg7
22.exf6 Qxg6 { av bls } 23.Bxg6 Rxf6 24.Be4 ) 19...Bxf6 20.Re3 c4 21.Qxc4
Qxc4 22.Bxc4 { av bls en finale } 22...Bxg2 23.Bxf6 Rxf6 24.Rd4 ) 18.Bg6+
{ sans issue pour les noirs } 18...Kf8 { le mieux } ( 18...Kd7 19.exf6 hxg5
20.Qxe6+ Kd8 21.Rxd5+ ) ( 18...Kd8 19.exf6 gxf6 20.Qxe6 ) 19.exf6 Bxf6
20.Rxd5 { la menace de mat en e8 est mortel } 20...Bxg5
{ rien ne peux sauver la mise } ( 20...exd5 21.Qe6 Qe7 22.Qxe7+ Bxe7 23.Bxe7+
Kg8 24.Bxc5 { et les bls jouent avec 2 fous de plus la suite est claire }
24...h5 ( 24...Rc8 25.Re7 h5 ( 25...Rxc5 26.Re8# ) 26.Bd4 ) 25.Re7 Rh6 26.f5
) 21.Qxe6 ( 21.Qxe6 Bxf4+ 22.Kb1 { comment empecher Tf5 } ) 1-0

[Event "Championnat fermé de l'Outaouais (Réserve)"]
[Site "Gatineau"]
[Date "2016.05.10"]
[Round "5"]
[White "Arcand, Pierre"]
[Black "Thibault, Mario"]
[Result "0-1"]
[BlackElo "1767"]
[WhiteElo "1114"]

1.e4 c5 2.Nf3 g6 3.d4 cxd4 4.Nxd4 Nc6 5.Nxc6 bxc6 6.Bc4 Nf6 7.Nd2 Bg7 8.Bd3
O-O 9.O-O d5 10.exd5 cxd5 11.c4 dxc4 12.Nxc4 Qc7 13.g3 Bb7 14.Ne3 Qc6 15.f3
Rac8 16.Bd2 Rfd8 17.Rc1 Qd6 18.Rxc8 Bxc8 19.Ba5 Rf8 20.Qd2 Bh6 21.Bb4 Qb6
22.Re1 Nd5 23.Bxe7 Nxe7 24.f4 Bg7 25.Kf1 Bh3+ 26.Ke2 Rd8 27.g4 Nd5 28.Kf3 Nb4
29.Kg3 Nxd3 30.Nc4 Qd4 31.b3 Nxe1 32.Qxd4 Rxd4 33.Kxh3 Rd3+ 34.Kh4 Ng2+
35.Kg5 h6# 0-1

[Event "Championnat fermé de l'Outaouais (Réserve)"]
[Site "Gatineau"]
[Date "2016.05.10"]
[Round "5"]
[White "Jobin, Gilles G."]
[Black "Séguin, Hubert"]
[Result "1/2-1/2"]
[BlackElo "1555"]
[WhiteElo "1773"]

1.e4 c5 2.c3 d5 3.exd5 Qxd5 4.d4 e6 5.Nf3 Nc6 6.Be3 cxd4 7.Nxd4 $6
{ Pour maintenant un petit avantage, il fallait que je reprenne avec le
Pc4. Le coup choisi n'est pas dans l'esprit de l'Alapin. } 7...Nxd4 8.Qxd4
Nf6 9.Qxd5 exd5 10.Bd4 Be7 11.Bd3 O-O 12.Nd2 Be6 13.O-O Nd7 14.Nb3 b6 15.Rfe1
Nc5 16.Bc2 Rfe8 17.Be3 Rac8 18.Nd4 Bf6 19.Nb5 Re7 20.Nd6 Rd8 21.Nf5 Bxf5
22.Bxf5 Rde8 23.Kf1 Ne4 24.Rad1 Rd8 25.Bxe4 Rxe4 26.Bd4 Rxe1+ 27.Kxe1 Re8+
28.Kf1 Be7 29.Be3 Rd8 30.Ke2 Bc5 31.b4 Be7 32.Bd4 Bd6 33.h3 f6 34.g3 Kf7
35.f4 Ke6 36.Kf3 Kd7 37.Re1 Rc8 38.a4 1/2-1/2